| 000 | 01197cam a22002295a 4500 | ||
|---|---|---|---|
| 001 | L138147 | ||
| 008 | 070518e2005 xxk f 100 0 eng d | ||
| 035 | _a(Sirsi) u138147 | ||
| 041 | 0 | _aeng | |
| 100 | 1 | _aGuan, L. | |
| 245 | 0 | 2 |
_aA method of preparing future hourly weather data for the study of global warming impact on the built environment _h[electronic resource] |
| 260 | _c2005 | ||
| 490 | 0 |
_aCOBRA _v2005 |
|
| 520 | _aUses building simulation techniques to present methods to generate approximate future hourly weather data suitable for the study of the impact of global warming. Reports that there is generally a linear relationship between building cooling load and the changes of weather variables of solar radiation, relative humidity or wind speed. | ||
| 651 | 4 | _aInternational | |
| 690 | _aENVIRONMENTAL AND LAND CONSULTANCY-SUSTAINABILITY-SUSTAINABLE DEVELOPMENT | ||
| 700 | 1 | _aYang, J. | |
| 700 | 1 | _aBell, J.M. | |
| 711 | 2 |
_aConstruction and Building Research Conference _cUniversity of Queensland, Brisbane _d4-5 July 2005 |
|
| 856 | 4 | 0 |
_uhttps://www.rics.org/site/scripts/download_info.aspx?downloadID=2556 _zView the item free of charge at www.rics.org... |
| 942 | _n0 | ||
| 999 |
_c107026 _d107026 |
||